000 00520nam a2200157 4500
008 170120b xxu||||| |||| 00| 0 eng d
022 _a0893-8989
082 _aDPer 363.205 P75 May-Dec 2015 V. 39
100 _918419
_aMurgado, Amaury
245 _aOfficer suicide by cop/
_cAmaury Murgado.
260 _aCalifornia:
_bBobit Business Media,
_cc2015.
300 _av39 n7, page 14;
_c28 cm.
500 _aPolice: the law enforcement magazine.
650 0 _918420
_aSuicide
_xPsychological aspects
942 _2ddc
_cPER
999 _c6076
_d6076